Governing Urban Diversity in Istanbul: Pragmatic and Non-discriminatory Solutions of Governance Initiatives in Response to Politicisation of Diversity

Prieskum diskurzov a praktík centrálnych a miestnych samospráv v otázke mestskej správy a diverzity a vznikom nových mechanizmov riadenia v Istanbule. Zmapovanie nedávnych zmien v politikách v oblasti rozmanitosti v Istanbule a vznikajúcich mechanizmov riadenia. Odhalenie konfliktov a nesúladu, ktor...

Description complète

Enregistré dans:
Détails bibliographiques
Auteur principal: Yenigun, Ozge
Autres auteurs: Eraydin, Ayda
Format: Chapitre de livre
Langue:anglais
Sujets:
Tags: Ajouter un tag
Pas de tags, Soyez le premier à ajouter un tag!

MARC

LEADER 00000naa a2200000 4500
001 0257119
005 20221104111407.2
041 0 |a eng 
044 |a GB 
245 1 0 |a Governing Urban Diversity in Istanbul: Pragmatic and Non-discriminatory Solutions of Governance Initiatives in Response to Politicisation of Diversity  |c Ozge Yenigun, Ayda Eraydin 
520 |a Prieskum diskurzov a praktík centrálnych a miestnych samospráv v otázke mestskej správy a diverzity a vznikom nových mechanizmov riadenia v Istanbule. Zmapovanie nedávnych zmien v politikách v oblasti rozmanitosti v Istanbule a vznikajúcich mechanizmov riadenia. Odhalenie konfliktov a nesúladu, ktoré existujú medzi vysoko politizovanými diskurzmi, politikami a postupmi. 
610 2 0 |a diverzita 
610 2 0 |a Turecko 
610 2 0 |a mestá 
610 2 0 |a imigrácia 
610 2 0 |a vláda 
100 1 |a Yenigun, Ozge 
700 1 |a Eraydin, Ayda